000 01023nam a2200241Ia 4500
003 OSt
005 20200715162447.0
008 191128s1998 ck fr 000 0 spa d
040 _aCO-JMCR
_cCO-JMCR
041 0 _aspa
082 0 4 _a338.9 /
_bC617d
_223
100 1 _aClavijo, Sergio,
_eautor
_94751
245 1 0 _aDividendos de paz y costos de la guerra en Colombia :
_bla fuerza pública y su presión fiscal /
_cSergio Clavijo
260 _aBogotá :
_bUniversidad de los Andes,
_c1998
300 _a28 páginas ;
_c28 cm.
490 0 _aDocumento CEDE ;
_v98-15
504 _aBibliografía: páginas 27-28
505 0 _aUna caracterización del deterioro del orden público -- Tendencias internacionales del gasto militar y los costos del conflicto -- Evolución de los gastos de la fuerza pública en Colombia -- Resumen y conclusiones
650 1 4 _aGastos militares
_zColombia
_97331
650 1 4 _aSeguridad nacional
_zColombia
_97332
650 1 4 _aEconomía informal
_zColombia
_97333
942 _2ddc
_cBK
999 _c4994
_d4994